Chemistry of Engineering Materials (Record no. 253)

MARC details
000 -LEADER
fixed length control field 00295nam a22001337a 4500
020 ## - INTERNATIONAL STANDARD BOOK NUMBER
International Standard Book Number 00213652-8956955
041 ## - LANGUAGE CODE
Language code of text/sound track or separate title ENG
100 ## - MAIN ENTRY--PERSONAL NAME
Personal name Narkhede .S.N
245 ## - TITLE STATEMENT
Title Chemistry of Engineering Materials
260 ## - PUBLICATION, DISTRIBUTION, ETC. (IMPRINT)
Place of publication, distribution, etc pune
Name of publisher, distributor, etc Nirali Prakahan
Date of publication, distribution, etc 1999
300 ## - PHYSICAL DESCRIPTION
Extent 331
650 ## - SUBJECT ADDED ENTRY--TOPICAL TERM
Topical term or geographic name as entry element EOES
856 ## - ELECTRONIC LOCATION AND ACCESS
Uniform Resource Identifier EOES
Holdings
Withdrawn status Lost status Source of classification or shelving scheme Damaged status Not for loan Home library Current library Shelving location Date acquired Cost, normal purchase price Total Checkouts Barcode Date last seen Date checked out Price effective from Koha item type
    Dewey Decimal Classification     College of Agricultural Engineering and Technology, Dapoli , Library College of Agricultural Engineering and Technology, Dapoli , Library Book Cart 23/08/2021 120.00 1 000021 14/03/2024 14/03/2024 23/08/2021 Books
    Dewey Decimal Classification     College of Agricultural Engineering and Technology, Dapoli , Library College of Agricultural Engineering and Technology, Dapoli , Library Book Cart 31/08/2021     001120 31/08/2021   31/08/2021 Books

Contact Us: College of Agricultural Engineering and Technology, Dapoli, Dist.- Ratnagiri
Website: https://dbskkv.org Email: caetlibrary2015@gmail.com